[Event "Andalucia-chB"]
[Site "Algeciras"]
[Date "2018.05.19"]
[Round "4"]
[White "Lorente Serrano, Rosa Adela"]
[Black "Villanueva Ruiz Mateo, Juan Manuel"]
[Result "1-0"]
[WhiteElo "1714"]
[BlackElo "1612"]
[PlyCount "53"]
[EventDate "2018.05.18"]
[EventType "swiss"]
[EventRounds "6"]
[EventCountry "ESP"]
[SourceTitle "EXT 2020"]
[Source "ChessBase"]
[SourceDate "2019.10.17"]
[SourceVersion "1"]
[SourceVersionDate "2019.10.17"]
[SourceQuality "1"]

1. b3 e6 2. Bb2 d5 3. e3 c5 4. f4 Nc6 5. Bb5 Bd7 6. Nf3 Nf6 7. 0-0 Be7 8. d3 a6 9. Bxc6 Bxc6 10. Nbd2 Qc7 11. Ne5 Rg8 12. Qe2 Nd7 13. Nxc6 Qxc6 14. Qh5 h6 15. c4 Bf6 16. Be5 Ke7 17. cxd5 Qxd5 18. Nc4 Raf8 19. e4 Qc6 20. Bd6+ Ke8 21. Bxf8 Bxa1 22. Nd6+ Kd8 23. Nxf7+ Kc8 24. Nd6+ Kc7 25. Ne8+ Kb6 26. Rxa1 Rxf8 27. Nxg7 1-0